Algunas limitaciones de un cociente clásico (Registro nro. 16451)

Detalles MARC
000 -LEADER
fixed length control field 00425 a2200133 4500
001 - CONTROL NUMBER
control field ART_3504
005 - DATE AND TIME OF LATEST TRANSACTION
control field 20260410161715.0
008 - FIXED-LENGTH DATA ELEMENTS--GENERAL INFORMATION
fixed length control field 260409a
100 1# - MAIN ENTRY--PERSONAL NAME
Personal name Monza, Alfredo
245 10 - TITLE STATEMENT
Title Algunas limitaciones de un cociente clásico
700 1# - ADDED ENTRY--PERSONAL NAME
Personal name Buchner de Krasny, Liliana
700 1# - ADDED ENTRY--PERSONAL NAME
Personal name Traverso, María de los Angeles
773 0# - HOST ITEM ENTRY
Title Desarrollo económico
Related parts - Vol. 26, Nº 102 (jul./sep. 1986)
Record control number REV1174

No hay ítems disponibles.